Kumpulan 'amal / (Record no. 88533)

MARC details
000 -LEADER
fixed length control field 00639cam a22002291a 4500
001 - CONTROL NUMBER
control field sa 68018606
003 - CONTROL NUMBER IDENTIFIER
control field DLC
005 - DATE AND TIME OF LATEST TRANSACTION
control field 20260227112713.0
008 - FIXED-LENGTH DATA ELEMENTS--GENERAL INFORMATION
fixed length control field 840130q19001983io 000 0 ind
010 ## - LIBRARY OF CONGRESS CONTROL NUMBER
LC control number sa 68018606
035 ## - SYSTEM CONTROL NUMBER
System control number (OCoLC)10354632
040 ## - CATALOGING SOURCE
Original cataloging agency DLC
Transcribing agency OAU
Modifying agency OCoLC
-- DLC
041 0# - LANGUAGE CODE
Language code of text/sound track or separate title indara
042 ## - AUTHENTICATION CODE
Authentication code premarc
050 00 - LIBRARY OF CONGRESS CALL NUMBER
Classification number BP183.3
Item number .T442
100 1# - MAIN ENTRY--PERSONAL NAME
Personal name Tekan, Ismael.
245 10 - TITLE STATEMENT
Title Kumpulan 'amal /
Statement of responsibility, etc. oleh Ismael Tekan.
260 ## - PUBLICATION, DISTRIBUTION, ETC.
Place of publication, distribution, etc. Medan :
Name of publisher, distributor, etc. Taman Alfurqaan, Bhg. Pustaka,
Date of publication, distribution, etc. [19--]
300 ## - PHYSICAL DESCRIPTION
Extent v. ;
Dimensions 21 cm.
500 ## - GENERAL NOTE
General note Includes some text in Arabic with Indonesian translation.
650 #0 - SUBJECT ADDED ENTRY--TOPICAL TERM
Topical term or geographic name entry element Prayer
General subdivision Islam.

No items available.

Powered by Koha